000 00276nam a2200121Ia 4500
999 _c2116
_d2116
020 _a1-85739-206-X
082 _aRR 016.052 BRI
245 0 _aBritish humanities index 1996
260 _aLondon
_bBowker Saur
_c1997
300 _a1084p.
710 _aDuffus, Lyn ed.
942 _cBK